[Event "Teteven op 32nd"]
[Site "Teteven"]
[Date "2018.08.16"]
[Round "6"]
[White "Nikolova, Angelika"]
[Black "Mitev, Mitko"]
[Result "0-1"]
[WhiteElo "1098"]
[BlackElo "1784"]
[PlyCount "52"]
[EventDate "2018.08.11"]
[EventType "swiss"]
[EventRounds "9"]
[EventCountry "BUL"]
[SourceTitle "CBM 186 Extra"]
[Source "ChessBase"]
[SourceDate "2018.08.24"]
[SourceVersion "1"]
[SourceVersionDate "2018.08.24"]
[SourceQuality "1"]

1. b4 e5 2. Bb2 d6 3. e3 Be6 4. Nf3 c6 5. d3 Nd7 6. c4 Qc7 7. Nbd2 Be7 8. Be2 Nh6 9. 0-0 0-0 10. Re1 f5 11. Qc2 Bf6 12. a3 Qd8 13. Nb3 Rc8 14. c5 d5 15. Qd1 Qe7 16. a4 g5 17. h3 g4 18. hxg4 Nxg4 19. g3 h5 20. Kg2 h4 21. gxh4 Bxh4 22. Nxh4 Qxh4 23. Bxg4 fxg4 24. Qe2 Qh3+ 25. Kg1 Rf7 26. Nd2 Rcf8 0-1

[Event "Teteven op 32nd"]
[Site "Teteven"]
[Date "2018.08.15"]
[Round "5"]
[White "Mitev, Mitko"]
[Black "Botev, Stoyko"]
[Result "0-1"]
[WhiteElo "1784"]
[BlackElo "1564"]
[PlyCount "68"]
[EventDate "2018.08.11"]
[EventType "swiss"]
[EventRounds "9"]
[EventCountry "BUL"]
[SourceTitle "CBM 186 Extra"]
[Source "ChessBase"]
[SourceDate "2018.08.24"]
[SourceVersion "1"]
[SourceVersionDate "2018.08.24"]
[SourceQuality "1"]

1. e4 c5 2. c3 d6 3. d4 cxd4 4. cxd4 g6 5. Nc3 a6 6. Be3 Bg7 7. f4 e6 8. Nf3 Ne7 9. Be2 0-0 10. 0-0 b5 11. Bd3 b4 12. Ne2 Nbc6 13. Rc1 Bd7 14. Qd2 Qb8 15. g4 f5 16. gxf5 gxf5 17. e5 Nd5 18. Bf2 Bh6 19. h4 dxe5 20. dxe5 Nxe5 21. Nxe5 Qxe5 22. Bd4 Qb8 23. Rc5 Qd8 24. Qe1 Qe8 25. Kh2 Qh5 26. Bc4 Nf6 27. Rg1+ Ng4+ 28. Kh3 Rfc8 29. Qxb4 Rxc5 30. Qxc5 Bf8 31. Qe5 Qg6 32. Qc7 Rc8 33. Qxd7 Rxc4 34. Ng3 Rc2 0-1

[Event "Teteven op 32nd"]
[Site "Teteven"]
[Date "2018.08.14"]
[Round "4"]
[White "Gevrenov, Vladimir"]
[Black "Mitev, Mitko"]
[Result "1-0"]
[WhiteElo "1611"]
[BlackElo "1784"]
[PlyCount "59"]
[EventDate "2018.08.11"]
[EventType "swiss"]
[EventRounds "9"]
[EventCountry "BUL"]
[SourceTitle "CBM 186 Extra"]
[Source "ChessBase"]
[SourceDate "2018.08.24"]
[SourceVersion "1"]
[SourceVersionDate "2018.08.24"]
[SourceQuality "1"]

1. b3 d5 2. Bb2 c5 3. e3 Nc6 4. Bb5 Qb6 5. Nc3 Nf6 6. Nf3 Bg4 7. a4 a5 8. 0-0 e6 9. h3 Bh5 10. g4 Bg6 11. d3 Be7 12. Ne5 0-0-0 13. Bxc6 bxc6 14. Rb1 Nd7 15. Nf3 h5 16. Ne2 hxg4 17. hxg4 Rh7 18. Kg2 Rdh8 19. Ng3 f5 20. gxf5 Bxf5 21. Nxf5 exf5 22. Qd2 Bf6 23. d4 Rh6 24. Rg1 Qa6 25. c4 dxc4 26. Qe2 Rg6+ 27. Kf1 Rxg1+ 28. Kxg1 Nb6 29. dxc5 Nd7 30. Bd4 1-0

[Event "Ruse Cup 1st"]
[Site "Ruse"]
[Date "2017.05.01"]
[Round "6"]
[White "Savov, Ilko Ananiev"]
[Black "Mitev, Mitko"]
[Result "1-0"]
[WhiteElo "1867"]
[BlackElo "1792"]
[PlyCount "29"]
[EventDate "2017.04.29"]
[EventType "swiss"]
[EventRounds "7"]
[EventCountry "BUL"]
[SourceTitle "CBM 178 Extra"]
[Source "ChessBase"]
[SourceDate "2017.06.22"]
[SourceVersion "1"]
[SourceVersionDate "2017.06.22"]
[SourceQuality "1"]

1. g4 e5 2. Bg2 d5 3. c4 c6 4. cxd5 cxd5 5. Qb3 d4 6. Qb5+ Nc6 7. Bxc6+ bxc6 8. Qxe5+ Be7 9. Nf3 c5 10. g5 Bb7 11. Qxg7 Qd5 12. Qxh8 0-0-0 13. Qxh7 Bxg5 14. Rg1 Qc4 15. Na3 1-0

[Event "Ruse Cup 1st"]
[Site "Ruse"]
[Date "2017.04.30"]
[Round "5"]
[White "Mitev, Mitko"]
[Black "Georgiev, Nikolay"]
[Result "1-0"]
[WhiteElo "1792"]
[BlackElo "1574"]
[PlyCount "73"]
[EventDate "2017.04.29"]
[EventType "swiss"]
[EventRounds "7"]
[EventCountry "BUL"]
[SourceTitle "CBM 178 Extra"]
[Source "ChessBase"]
[SourceDate "2017.06.22"]
[SourceVersion "1"]
[SourceVersionDate "2017.06.22"]
[SourceQuality "1"]

1. e4 e5 2. f4 exf4 3. Nf3 d6 4. Bc4 h6 5. Nc3 g5 6. 0-0 Bg7 7. d4 Nd7 8. h4 Nb6 9. Bb3 Bg4 10. Qd3 Be6 11. d5 Bg4 12. Bd2 Be5 13. Rae1 f6 14. a3 Ne7 15. Kf2 Kf7 16. Rh1 Qd7 17. h5 Kg7 18. Rh2 Qe8 19. Reh1 Qf7 20. Nd4 Bxd4+ 21. Qxd4 Kh7 22. Ne2 Bxe2 23. Kxe2 Nd7 24. Qb4 b6 25. Qc3 Rac8 26. Bc4 Nb8 27. Qh3 Rhe8 28. Kd1 f5 29. exf5 Kg8 30. g3 fxg3 31. Qxg3 Nxf5 32. Qg4 Re5 33. Rf1 Rf8 34. Rhf2 Qd7 35. Kc1 Qc8 36. Bc3 a6 37. Bxe5 1-0

[Event "Ruse Cup 1st"]
[Site "Ruse"]
[Date "2017.04.29"]
[Round "2"]
[White "Dzanev, Georgi"]
[Black "Mitev, Mitko"]
[Result "1-0"]
[WhiteElo "1990"]
[BlackElo "1792"]
[PlyCount "75"]
[EventDate "2017.04.29"]
[EventType "swiss"]
[EventRounds "7"]
[EventCountry "BUL"]
[SourceTitle "CBM 178 Extra"]
[Source "ChessBase"]
[SourceDate "2017.06.22"]
[SourceVersion "1"]
[SourceVersionDate "2017.06.22"]
[SourceQuality "1"]

1. d4 d5 2. c4 e6 3. Nf3 Nf6 4. g3 c6 5. Bg2 Bb4+ 6. Bd2 Qa5 7. 0-0 Nbd7 8. a3 Bxd2 9. Nbxd2 0-0 10. Qc2 Re8 11. b4 Qd8 12. e4 dxe4 13. Nxe4 e5 14. Nd6 Re7 15. Rfe1 exd4 16. Nxd4 Nb6 17. N4f5 Bxf5 18. Nxf5 Rd7 19. Rad1 g6 20. Ne3 Rxd1 21. Rxd1 Qe7 22. Qd3 Rc8 23. c5 Na8 24. Qd6 Kf8 25. Nc4 Nc7 26. Na5 Rb8 27. Qxe7+ Kxe7 28. Bxc6 b6 29. cxb6 Rxb6 30. Bf3 Ke6 31. Nc4 Ra6 32. Bb7 Ra4 33. Bc6 Ra6 34. Re1+ Kf5 35. b5 Ra4 36. Ne3+ Kg5 37. b6 Ra6 38. b7 1-0